Most Influential Men Quiz Stats

 Plays Quiz not verified by Sporcle

Score 0/49 Timer 08:00
0 Plays Today
Occupation Man % Correct
PoliticianBarack Obama
72.5%
AthleteTiger Woods
70.5%
AthleteLebron James
54.5%
AthleteKobe Bryant
51.5%
Rapper/Singer/Speech InterruptorKanye West
49%
RapperJay-Z
48.5%
ActorBrad Pitt
46.3%
AthletePeyton Manning
34.9%
SingerMichael Jackson
33.9%
ActorGeorge Clooney
33.7%
Electronics EntrepreneurSteve Jobs
32.2%
Producer/JudgeSimon Cowell
32.2%
'News' AnchorJon Stewart
29.7%
NewsmanShepard Smith
28.7%
AthleteRoger Federer
27%
UFC PresidentDana White
25%
Talk Show HostConan O'Brien
19.8%
Host/DJRyan Seacrest
17.6%
AthleteUsain Bolt
16.3%
AthleteLance Armstrong
15.1%
AthleteDwayne Wade
14.4%
AthleteCristiano Ronaldo
13.4%
DirectorJames Cameron
12.6%
Online EntrepreneurMark Zuckerberg
11.6%
PilotChesley Sullenberger
11.1%
Occupation Man % Correct
AthleteSidney Crosby
9.2%
DesignerTom Ford
7.9%
AthleteLionel Messi
7.7%
F1 RacerJenson Button
7.4%
DirectorQuentin Tarantino
5.4%
SingerChris Martin
5%
AthleteAndy Roddick
4.7%
Creative Director (Advertising)Don Draper
4.7%
ActorRobert Pattinson
3%
ChefMario Batali
2.5%
Electronics entrepreneurJeff Bezos
2.2%
ActorHugh Jackman
2%
AthleteManny Pacquiao
1.7%
Wine ConnoisseurGary Vaynerchuk
1.5%
AthleteGeorges St-Pierre
1.2%
Music ProducerMark Ronson
1%
Reality TV StarBear Grylls
0.7%
Producer/WriterSeth McFarlane
0.7%
Online EntrepreneurJack Dorsey
0.7%
Actor/ProducerAshton Kutcher
0.5%
ArchitectSantiago Calatrava
0.2%
DesignerItalo Zucchelli
0.2%
Hotel entrepreneurAndre Balazs
0.2%
ProducerHarvey Levin
0.2%

You're not logged in!

Compare scores with friends on all Sporcle quizzes.
OR
Log In

Show Comments

Extras

Top Quizzes Today


Score Distribution

Your Account Isn't Verified!

In order to create a playlist on Sporcle, you need to verify the email address you used during registration. Go to your Sporcle Settings to finish the process.

Report this User

Report this user for behavior that violates our Community Guidelines.

Details: